| 000 | 00881na a2200265 4500 | ||
|---|---|---|---|
| 001 | 23801 | ||
| 003 | MIRAKIL | ||
| 005 | 20181213155318.0 | ||
| 008 | 171226b tu 000 0 | ||
| 020 | _a9786058768208 | ||
| 040 |
_aMilas _btur _cTR-AnCHP |
||
| 041 | _atur | ||
| 082 |
_a956.423 _bH47s 2011 |
||
| 090 | _a956.423 H47s 2011 | ||
| 100 | _aHıtmiye, Halil Yılmaz | ||
| 245 |
_aSemavi dinlerin Kutsal kenti Antakya _b(Tarihin mozaiklerle, heykellerle imzaladığı kent) _cHalil Yılmaz Hıtmiye |
||
| 246 | _a(Tarihin mozaiklerle, heykellerle imzaladığı kent) | ||
| 260 |
_a[İskenderun] _b[yayl.y.] _c2011 _fColor Ofset |
||
| 300 |
_a245 s. _bfotğ.; hrt. _c21 sm. |
||
| 500 | _aYapıt yazarından imzalıdır. | ||
| 504 | _aKaynakça var. | ||
| 650 |
_aTarih _zHatay |
||
| 740 | _a(Tarihin mozaiklerle, heykellerle imzaladığı kent) | ||
| 942 |
_2ddc _cBKS |
||
| 999 |
_c10368 _d10368 |
||